000 00532nam a2200217Ia 4500
008 160803s9999 xx 000 0 und d
020 _a9780531154694
100 _aLandau, Elaine
245 _aApatosaurus /
245 _cby Elaine Landau.
260 _aNew York :
260 _bScholastic Inc.
260 _c1999
300 _a47 pages :
300 _bcolor illustrations, color map ;
300 _c22 cm.
440 _aTrue book.
650 _aApatosaurus --
650 _xJuvenile literature.
700 _a770
999 _c299024
_d299024